| 000 | 00480nam a2200169 a 4500 | ||
|---|---|---|---|
| 001 | 000008513 | ||
| 005 | 20200929161342.0 | ||
| 008 | 090917s1997 dr a 001 0 spa d | ||
| 040 | _aDO-SdBNP | ||
| 082 |
_axxx _bP429b |
||
| 100 | 1 |
_aPercival Peña, Rafael _d1957- _922843 |
|
| 245 | 1 | 4 |
_aLos barrotes yerran / _cRafael Percival Peña. |
| 260 |
_aSanto Domingo, : _bLa Palabra, _c1997. |
||
| 300 |
_a303 p. : _bil ; _c22 cm. |
||
| 500 | _aIncluye datos biográficos | ||
| 049 | _aBNPD | ||
| 999 |
_c8283 _d8283 |
||